Countries With The Most Average Area (Size) - Statistics

General Stats
  • This quiz has been taken 184 times
  • The average score is 14 of 20
Answer Stats
Area Country % Correct
783,562 Turkey
88%
640,679 France
82%
603,500 Ukraine
80%
1,002,450 Egypt
75%
923,767 Nigeria
73%
916,445 Venezuela
72%
580,367 Kenya
68%
881,912 Pakistan
68%
637,657 Somalia
67%
945,087 Tanzania
67%
652,230 Afghanistan
66%
756,102 Chile
66%
801,590 Mozambique
64%
825.615 Namibia
64%
752,612 Zambia
64%
581,730 Botswana
60%
676,578 Myanmar
60%
644,329 South Sudan
58%
622,984 Central African Republic
57%
587,041 Madagascar
53%
No matching quizzes found
Score Distribution
Percent of People with Each Score
Percentile by Number Answered
Your Score History
You have not taken this quiz